|
|
|
|
| LEADER |
01345ppm a22003258a 4500 |
| 001 |
00033061 |
| 005 |
20171026081025.0 |
| 008 |
150330s2014 ||||||viesd |
| 041 |
0 |
# |
|a vie
|
| 082 |
1 |
4 |
|b H250TH
|a 372.61
|
| 100 |
1 |
# |
|a Trần, Thị Thiên Kim
|
| 245 |
0 |
0 |
|b Luận văn thạc sĩ giáo dục học. Chuyên ngành:Giáo dục học( Bậc tiểu học). Mã số: 6014010102
|c Trần Thị Thiên Kim; Lê A (hướng dẫn)
|a Hệ thống bài tập rèn luyện kỹ năng liên kết câu cho học sinh lớp 5 trong phân môn luyện từ và câu
|
| 260 |
# |
# |
|a Đồng Tháp
|b Đại học Đồng Tháp
|c 2014
|
| 300 |
# |
# |
|a 96 tr.+ phụ lục
|c 30cm.
|
| 500 |
# |
# |
|a ĐTTS ghi: Bộ giáo dục và đào tạo. Trường Đại học Đồng tháp
|
| 653 |
# |
# |
|a Câu
|
| 653 |
# |
# |
|a Bài tập rèn luyện
|
| 653 |
# |
# |
|a Giáo dục
|
| 653 |
# |
# |
|a Tiểu học
|
| 653 |
# |
# |
|a Luận văn
|
| 653 |
# |
# |
|a Luyện từ
|
| 653 |
# |
# |
|a Liên kết câu
|
| 700 |
1 |
# |
|a Lê, A
|e Hướng dẫn
|
| 852 |
# |
# |
|j LV.0000560
|j LV.0001535
|
| 852 |
# |
# |
|b Kho đọc SĐH
|j LV.0000560
|
| 910 |
0 |
# |
|d 30/3/2015
|a kchi
|
| 980 |
# |
# |
|a Trung tâm Học liệu Lê Vũ Hùng, Trường Đại học Đồng Tháp
|